Novel remaja : senandung malam

Bibliographic Details
Main Author: Suib Ismail
Other Authors: Suib Ismail, 1955
Format: Book
Published: Kuala Lumpur : Institut terjemahan &buku Malaysia berhad , 2016
Series:Novel remaja
Subjects:

MARC

LEADER 00000cam a2200000 7i4500
001 0000065894
005 20230125.0
008 160824
020 |a 9789674602529 
090 0 0 |a SUI   |b MAL 
100 0 |a Suib Ismail 
245 0 0 |a Novel remaja :   |b senandung malam   |c Suib Ismail 
260 |a Kuala Lumpur :   |b Institut terjemahan &buku Malaysia berhad ,   |c 2016 
300 |a 250p. :   |b col.,ill. ;   |c 20cm. 
490 0 |a Novel remaja 
500 |a Teenagers 13-18 years old (biru) 
650 0 |a Malay fiction 
650 0 |a Malaysian fiction (Malay) 
650 0 |a Young adult fiction, Malay 
700 0 |a Suib Ismail, 1955 
999 |a 0001399853   |b Book   |c Teenagers   |e Cawangan Mersing 
999 |a 0001399867   |b Book   |c Teenagers   |e Cawangan Segamat 
999 |a 0001399870   |b Book   |c Adult Collection   |e Cawangan Muar 
999 |a 0001399873   |b Book   |c Teenagers   |e Cawangan Bandar Penawar 
999 |a 0001401092   |b Book   |c Teenagers   |e Cawangan Taman Sri Lambak 
999 |a 0001401093   |b Book   |c Teenagers   |e Cawangan Bukit Gambir 
999 |a 0001401094   |b Book   |c Adult Collection   |e Cawangan Pontian 
999 |a 0001401095   |b Book   |c Adult Collection   |e Cawangan Segamat 
999 |a 0001401096   |b Book   |c Teenagers   |e Cawangan Bandar Tenggara 
999 |a 0001401098   |b Book   |c Adult Collection   |e Cawangan Tmn. Ungku Tun Aminah 
999 |a 0001401099   |b Book   |c Teenagers   |e Cawangan Mersing 
999 |a 0001401100   |b Book   |c Adult Collection   |e Cawangan Bandar Penawar 
999 |a 0001401101   |b Book   |c Adult Collection   |e Cawangan Tangkak 
999 |a 0001401102   |b Book   |c Adult Collection   |e Cawangan Batu Pahat 
999 |a 0001401103   |b Book   |c Adult Collection   |e Cawangan Muar 
999 |a 0001401104   |b Book   |c Teenagers   |e Cawangan Sri Merlong 
999 |a 0001402387   |b Book   |c Teenagers   |e Perbadanan Perpustakaan Awam Johor 
999 |a 0001402389   |b Book   |c Teenagers   |e Cawangan Urban Transformation Centre 
999 |a 0001402390   |b Book   |c Teenagers   |e Cawangan Urban Transformation Centre